| 000 | 00721nam a2200241 a 4500 | ||
|---|---|---|---|
| 999 |
_c3466 _d3466 |
||
| 001 | 3466 | ||
| 003 | BD-JhCC | ||
| 005 | 20171115171453.0 | ||
| 008 | 171111s2008 bg |||| |||| 000 0 ben d | ||
| 020 | _a9840746839 | ||
| 035 | _a(BD-JhCC) | ||
| 040 |
_aBD-JhCC _dBD-JhCC |
||
| 041 | _aben | ||
| 082 |
_a539.7 _bWAH 2008 |
||
| 100 | _aওয়াহিদুজ্জামান, এস এম | ||
| 245 |
_aঅণু পরমাণুর গঠন / _cএস এম ওয়াহিদুজ্জামান |
||
| 260 |
_aঢাকা : _bবাংলা একাডেমী, _c২০০৮ |
||
| 300 |
_a391 p. : _c22 cm. |
||
| 650 | _aAtomic | ||
| 650 | _aMolecular | ||
| 942 |
_2ddc _cBK |
||